00659cam a22002297a 4500003000500000005001700005008004100022010000900063011000900072035000900081040000900090082002000099100002200119245005400141250001400195260004100209300003100250650003900281650002900320650005400349650002600403CHAP20220329133400.0971013s1986 r 00010 d a5725 a6697 a5919 cCHAP a581.1bM64 198600aMohsenin, Nuri N. 0aPhysical properties of plant and animal materials a2ed. rev. aNew York :bGordon and Breach,c1986 a891 p.b: ilus. ; gráfs.14aAlimentosxPropiedades reologicas.14aAlimentosxTecnología.14aAnimales domésticosxAnatomía y fisiología.14aFisiología vegetal.